000 00267nam a22001217a 4500
082 _a658.8
100 _aAIOU
245 _aMarketing : theory and practice
260 _aIslamabad :
_bAIOU,
_c1990.
300 _a140 p. ;
_b24 cm.
500 _aPaperback.
942 _cBK
999 _c34132
_d34132